Introducción a la lingüística transformacional

Сохранить в:
Библиографические подробности
Главный автор: Otero, Carlos-Peregrín
Формат:
Язык:Undetermined
Опубликовано: México, Distrito Federal Siglo XXI 1973
Редактирование:2
Предметы:
Метки: Добавить метку
Нет меток, Требуется 1-ая метка записи!

MARC

LEADER 00000nam a2200000Ia 4500
008 170316s9999 xx 000 0 und d
090 |a 410 O-5i 
100 |a Otero, Carlos-Peregrín 
245 |a Introducción a la lingüística transformacional 
250 |a 2 
260 |a México, Distrito Federal 
260 |b Siglo XXI 
260 |c 1973 
300 |a 300 páginas 
650 |a LINGÜÍSTICA 
999 |c 18645  |d 18645 
040 |a cru BVZT 
942 |c 15 D  |h 410 O-5i  |2 z